Uplatňovanie personálneho manažmentu vo firme Istrochem, a.s., Bratislava : Diplomová práca

Enregistré dans:
Détails bibliographiques
Auteur principal: Omasta, Štefan (Auteur)
Autres auteurs: Hekelová, Edita, 1954- (xxx)
Format: Manuscrit Livre
Langue:slovaque
Publié: Trnava : STU v Bratislave MtF KMK, 1999
Sujets:
Tags: Ajouter un tag
Pas de tags, Soyez le premier à ajouter un tag!

MARC

LEADER 00000ntm a22000003a 4500
001 stu53129
005 20160719155228.8
008 000412s1999----xo------------------slo-d
040 |a STU  |b slo 
041 0 |a slo 
044 |a xo 
100 1 |a Omasta, Štefan  |4 aut 
245 1 |a Uplatňovanie personálneho manažmentu vo firme Istrochem, a.s., Bratislava :  |b Diplomová práca 
260 |a Trnava :  |b STU v Bratislave MtF KMK,  |c 1999 
300 |a 74 s  |c výťah 
650 7 |a manažment priemyselných podnikov  |2 stusub 
650 7 |a manažment personálny  |2 stusub 
650 7 |a personalistika  |2 stusub 
700 1 |a Hekelová, Edita,  |d 1954-  |4 xxx  |u J120  |U SjF Ústav výrobných systémov, enviromentálnej techniky a manažment kvality  |T SjF Katedra výrobných systémov  |X 2429  |U J120  |Y 38  |7 A000002429